Score 0/30 Timer 07:00
0 Plays Today
bet raise % Correct
4Meg
97.1%
4Peter
92.2%
4Chris
91.8%
2Touch
84%
2Taste
83.9%
2Sight
82.9%
3Alaska
82.2%
4Stewie
80.1%
2SMELL - The 5 Senses
79.6%
2Hearing
78.4%
5Army
77%
5Air Force
75.9%
5Marines
75.7%
5Coast Guard
74.9%
5NAVY - US Military Branches
73.1%
bet raise % Correct
3Oregon
71.6%
3Washington
71.6%
3California
70.5%
4LOIS - Family Guy Family
63.2%
3HAWAII - Pacific Coast States
59.6%
6Anger
58.8%
1Michigan
53.3%
6Denial
53.1%
1Huron
53%
1Ontario
52.7%
1Superior
52.1%
1ERIE - Great Lakes
50.9%
6Bargaining
48.9%
6Acceptance
48.6%
6DEPRESSION - Stages of Grief
25.1%
Remove Ads.
Support Sporcle.
Get the best of Sporcle when you Go Orange. This ad-free experience offers more features, more stats, and more fun while also helping to support Sporcle. Thank you for becoming a member.

You're not logged in!

Compare scores with friends on all Sporcle quizzes.
OR
Log In

Show Comments

Extras

Top Quizzes Today


Score Distribution

Your Account Isn't Verified!

In order to create a playlist on Sporcle, you need to verify the email address you used during registration. Go to your Sporcle Settings to finish the process.

Report this User

Report this user for behavior that violates our Community Guidelines.

Details: